000 00260nam a2200121Ia 4500
100 _a#N/A
650 _aComputer/ IT
942 _cBK
654 _a250 animations on electronic components
245 _aanalog Electronics
260 _b#N/A
546 _aENGLISH
999 _c21100
_d21100